Sports Quiz

Random Sports or Football Quiz

Division 4 Football League Winners Quiz Stats

 Plays Quiz not verified by Sporcle

Score 0/60 Timer 08:00
0 Plays Today
Hint Answer % Correct
1970-71Notts County
95.2%
1997-98Notts County
95.2%
2009-10Notts County
95.2%
2015-16Northampton Town
94.4%
2016-17Portsmouth
94%
1985-86Swindon Town
93.3%
1988-89Rotherham United
93.3%
1989-90Exeter City
93.3%
2001-02Plymouth Argyle
93.3%
1982-83Wimbledon
92.3%
2011-12Swindon Town
92.3%
1965-66Doncaster Rovers
91.3%
1968-69Doncaster Rovers
91.3%
1976-77Cambridge United
91.3%
1983-84York City
91.3%
1999-2000Swansea City
91.3%
1969-70Chesterfield
90.4%
1984-85Chesterfield
90.4%
2003-04Doncaster Rovers
90.4%
2010-11Chesterfield
90.4%
2013-14Chesterfield
90.4%
1975-76Lincoln City
89.4%
1986-87Northampton Town
89.4%
1987-88Wolverhampton Wanderers
89.4%
2004-05 as League 2Yeovil Town
89.4%
1959-60Walsall
88.5%
1967-68Luton Town
88.5%
1979-80Huddersfield Town
88.5%
1980-81Southend United
88.5%
1991-92Burnley
88.5%
Hint Answer % Correct
1992-93 as Division 3Cardiff City
88.5%
2006-07Walsall
88.5%
1964-65Brighton & Hove Albion
87.5%
2000-01Brighton & Hove Albion
87.5%
1958-59Port Vale
86.5%
1960-61Peterborough United
86.5%
1973-74Peterborough United
86.5%
2017-18Accrington Stanley
86.2%
1963-64Gillingham
85.6%
1971-72Grimsby Town
85.6%
1978-79Reading
85.6%
1994-95Carlisle United
85.6%
1996-97Wigan Athletic
85.6%
2012-13Gillingham
85.6%
1961-62Millwall
84.6%
1977-78Watford
84.6%
1981-82Sheffield United
84.6%
1995-96Preston North End
84.6%
2005-06Carlisle United
84.6%
2014-15Burton Albion
84.4%
1990-91Darlington
83.7%
1966-67Stockport County
82.7%
1974-75Mansfield Town
82.7%
2007-08MK Dons
79.8%
1962-63Brentford
78.8%
1993-94Shrewsbury Town
78.8%
1998-99Brentford
78.8%
2008-09Brentford
78.8%
2002-03Rushden & Diamonds
70.2%
1972-73Southport
67.3%

You're not logged in!

Compare scores with friends on all Sporcle quizzes.
OR
Log In

Sporcle TV

Today on Sporcle TV


Watch our educational content, quiz creation guides, and fun videos on Sporcle TV.

Show Comments

Extras

Top Quizzes Today


Score Distribution

Your Account Isn't Verified!

In order to create a playlist on Sporcle, you need to verify the email address you used during registration. Go to your Sporcle Settings to finish the process.

Report this User

Report this user for behavior that violates our Community Guidelines.

Details: